Statystyki dla Najwieksze jeziora Afryki

Kliknij tutaj aby rozwiązać quiz!

Ogólne statystyki

  • Ten quiz został rozwiązany 16 razy
  • Średni wynik to 3 z 10

Statystyki odpowiedzi

L.p.Powierzchnia w km^2Odpowiedź% Poprawnych
1.68800Wiktorii
93%
2.34400Tanganika
73%
3.29600Niasa
67%
6.5600Alberta
33%
4.7950-8600Turkana
20%
5.5000-7000Wielki Szott
13%
7.5000Bangweulu
7%
10.2600-6000Kioga
7%
8.4920Mweru
7%
9.3000–3500Tana
7%

Rozkład punktacji

Percentyl według liczby udzielonych odpowiedzi

Procent ludzi z każdym wynikiem

Twoja historia wyników

Nie rozwiązałeś tego quizu